Visualizzazione normale
Vista MARC
- Donati P., Blangiardo G.C., Rossi G., Prandini R., Tiraboschi M., Belletti F., Rebuzzini L
di Personal Name
Records bibliografici associati: 1
001 - CONTROL NUMBER
- control field: 62850
003 - CONTROL NUMBER IDENTIFIER
- control field:
005 - DATE AND TIME OF LATEST TRANSACTION
- control field: 20251204104434.0
008 - FIXED-LENGTH DATA ELEMENTS
- fixed length control field: 251204|| aca||aabn | a|a d
040 ## - CATALOGING SOURCE
- Original cataloging agency:
- Transcribing agency:
100 ## - HEADING--PERSONAL NAME
- Personal name: Donati P., Blangiardo G.C., Rossi G., Prandini R., Tiraboschi M., Belletti F., Rebuzzini L
670 ## - SOURCE DATA FOUND
- Source citation: Work cat.: ()211077: Donati Pierpaolo (a cura di) 59326, Famiglia e lavoro: dal conflitto a nuove sinergie., 2005